1036 1578 1846 1631 1965 1886 1516 1538 1476 1854 1407 1284 1018 1371 1340 1522 1344 1906 1271 1373 1541 1091 1280 1120 1771 1594 1896 1458 1742 1644 1119 1459 1264 1655 1902 1771 1286 1499 1492 1322 1593 1440 1794 1402 1728 1619 1211 1311 1442 1011 1993 1785 1646 1845 1903 1400 1082 1984 1738 1412 1432 1312 1107 1118 1589 1894 1912 1860 1963 1695 1871 1361 1936 1829 1731 1139 1270 1806 1075 1929 1053 1245 1500 1523 1810 1327 1313 1633 1032 1923 1703 1926 1514 1351 1654 1253 1100 1673 1603 BCNSPRNW ULIB Ver.6.0+V

เปลี่ยนเป็นภาษาไทย

Change to English
 แสดงรายละเอียดบรรณานุกรม
  กลับหน้าหลัก

Brief Record : Get Marc (ISO 2709) : E-mail record : QR code < ปิดหน้าต่าง
LEADER : 00000nam a2200000Ia 4500
001    13399114609
003     ULIB
008    100908s2553 th a 000 0 tha d
020    ^a9789742255954
060 04 ^aWM290^bผ227ก
100 0  ^aผ่องศรี ศรีมรกต
245 10 ^aการบำบัดทางเลือกเพื่อช่วยเลิกบุหรี่วิถีไทย :^bThai alternative therapy for tobacco cessation /^cผ่องศรี ศรีมรกต
246 31 ^aThai alternative therapy for tobacco cessation
250    ^aพิมพ์ครั้งที่ 1
260    ^aกรุงเทพฯ :^bเครือข่ายพยาบาลเพื่อต้านบุหรี่และสารเสพติดแห่งประเทศไทย คณะพยาบาลศาสตร์ มหาวิทยาลัยมหิดล,^c2553
300    ^a243 หน้า :^bภาพประกอบ ;^c21 ซม.
500    ^aSend to Single Search
504    ^aบรรณานุกรม
536    ^aสนับสนุนทุนโดย เครือข่ายพยาบาลเพื่อการควบคุมยาสูบแห่งประเทศไทย, สมาคมพยาบาลแห่งประเทศไทยในพระบรมราชูปถัมภ์สมเด็จพระศรีนครินทราบรมราชชนนี, สำนักงานกองทุนสนับสนุนการสร้างเสริมสุขภาพ
650  4 ^aการสูบบุหรี่^xการรักษา
650  4 ^aการเลิกสูบบุหรี่
650  4 ^aการติดบุหรี่^xการรักษา
650  4 ^aการแพทย์ทางเลือก
710 2  ^aเครือข่ายพยาบาลเพื่อการควบคุมยาสูบแห่งประเทศไทย
710 2  ^aมหาวิทยาลัยมหิดล. ^bคณะพยาบาลศาสตร์. ^bเครือข่ายพยาบาลเพื่อต้านบุหรี่และสารเสพติดแห่งประเทศไทย
710 2  ^aเครือข่ายพยาบาลเพื่อการควบคุมยาสูบแห่งประเทศไทย
710 2  ^aสมาคมพยาบาลแห่งประเทศไทย
710 2  ^aสำนักงานกองทุนสนับสนุนการสร้างเสริมสุขภาพ
945    ^p0^l0^i031667
995    ^aเกษร
999 ^a ใช้งานได้ทุกระบบ
รายการนี้ยังไม่มีแท็ก
คุณยังไม่ได้ล็อกอิน คุณสามารถมีกิจกรรมร่วมกับเว็บไซต์ได้ แต่ต้องล็อกอินก่อน ::
  ล็อกอิน

รายการสื่อสารสนเทศ

ลำดับที่ ประเภท เลขเรียก/บาร์โค้ด สถานที่ สถานะ
1. วิทยาศาสตร์การแพทย์ และสุขภาพ
หนังสือสำรอง
สถานะ=หนังสือสำรอง
WM290 ผ227ก ฉ.1 
  Barcode: 031667
ห้องสมุดวิทยาเขตสวรรค์ประชารักษ์
►ส่วนจัดเก็บหนังสือเก่า สปร
บนชั้น
  ขอยืม

รายการใกล้เคียง
    ผู้แต่ง [ผ่องศรี ศรีมรกต]

    หัวเรื่อง [การเลิกสูบบุหรี่]
    หัวเรื่อง [การแพทย์ทางเลือก]

BibComment


ยังไม่เคยถูกคอมเมนท์

คอมเมนท์ทรัพยากรรายการนี้
  คอมเมนท์: การบำบัดทางเลือก..


 Copyright 2026. Bcnsprnw @Library